[Event "Florianopolis Spring op 2nd"]
[Site "Florianopolis"]
[Date "2022.10.23"]
[Round "5"]
[White "Do Amaral, Gabriel Barbosa"]
[Black "Becker, Rogerio Sperb"]
[Result "0-1"]
[WhiteElo "1996"]
[BlackElo "2081"]
[PlyCount "117"]
[EventDate "2022.10.21"]
[EventType "swiss"]
[EventRounds "6"]
[EventCountry "BRA"]
[SourceTitle "EXT 2024"]
[Source "ChessBase"]
[SourceDate "2023.10.10"]
[SourceVersion "1"]
[SourceVersionDate "2023.10.10"]
[SourceQuality "1"]

1. d4 Nf6 2. c4 e6 3. Nc3 Bb4 4. f3 c5 5. d5 d6 6. e4 e5 7. Bd3 Nbd7 8. f4 Bxc3+ 9. bxc3 exf4 10. Bxf4 Qe7 11. Nf3 Ng4 12. 0-0 Nge5 13. Qe2 0-0 14. Rae1 Ng6 15. Bg3 Nde5 16. h3 Nxf3+ 17. Rxf3 Ne5 18. Bxe5 Qxe5 19. Qd2 Bd7 20. Ref1 Rae8 21. Kh1 f6 22. Rf4 g5 23. R4f3 Re7 24. Qf2 Ref7 25. Bc2 Kg7 26. Re3 h5 27. Bd1 Rh8 28. h4 g4 29. Bc2 Re8 30. g3 b6 31. Kg2 Ree7 32. Qd2 Rf8 33. Re2 Ree8 34. Ref2 Qe7 35. a4 Qd8 36. Rf4 Re5 37. Qf2 Qe7 38. Qd2 Be8 39. Rf5 Bg6 40. R5f4 Bxe4+ 41. Bxe4 Rxe4 42. R1f2 Rxf4 43. Qxf4 Qe5 44. Qd2 Re8 45. Kh2 Qe3 46. Qc2 Qe4 47. Qa2 Qe1 48. a5 bxa5 49. Qc2 a4 50. Qf5 Qe5 51. Qd7+ Re7 52. Qxa4 Qxc3 53. Qa6 Qe5 54. Qa2 Qe4 55. Qa1 Qe5 56. Qf1 Qd4 57. Rf5 Qc3 58. Rf2 Re3 59. Re2 0-1

[Event "Florianopolis Spring op 2nd"]
[Site "Florianopolis"]
[Date "2022.10.22"]
[Round "4"]
[White "Devens, Bruno Vendrusculo"]
[Black "Do Amaral, Gabriel Barbosa"]
[Result "0-1"]
[WhiteElo "1564"]
[BlackElo "1996"]
[PlyCount "84"]
[EventDate "2022.10.21"]
[EventType "swiss"]
[EventRounds "6"]
[EventCountry "BRA"]
[SourceTitle "EXT 2024"]
[Source "ChessBase"]
[SourceDate "2023.10.10"]
[SourceVersion "1"]
[SourceVersionDate "2023.10.10"]
[SourceQuality "1"]

1. e4 c5 2. Nf3 d6 3. d4 cxd4 4. Nxd4 Nf6 5. Nc3 Nc6 6. Bc4 e6 7. Be3 Be7 8. f3 a6 9. g4 Qc7 10. Bb3 Na5 11. g5 Nh5 12. f4 Nxb3 13. Nxb3 g6 14. Bd4 0-0 15. Qd2 d5 16. Be5 Bd6 17. Bxd6 Qxd6 18. Ne2 e5 19. Qxd5 Qxd5 20. exd5 exf4 21. 0-0-0 Bg4 22. Rd2 f6 23. Rg1 Bxe2 24. Rxe2 fxg5 25. Rxg5 f3 26. Rf2 Nf4 27. Rf1 Rad8 28. Nd2 f2 29. Ne4 Nxd5 30. Rxf2 Nf4 31. Rg1 Rde8 32. Re1 Kg7 33. Kd1 Rf7 34. Nd2 Rd8 35. Ref1 g5 36. Rg1 h6 37. c3 Rfd7 38. Rxf4 Rxd2+ 39. Kc1 Rxh2 40. Rb4 b5 41. Rd1 Rxd1+ 42. Kxd1 Rh4 0-1

[Event "Florianopolis Spring op 2nd"]
[Site "Florianopolis"]
[Date "2022.10.22"]
[Round "3"]
[White "Do Amaral, Gabriel Barbosa"]
[Black "Heredia Serrano, Carla Sofia"]
[Result "1/2-1/2"]
[WhiteElo "1996"]
[BlackElo "2095"]
[PlyCount "62"]
[EventDate "2022.10.21"]
[EventType "swiss"]
[EventRounds "6"]
[EventCountry "BRA"]
[SourceTitle "EXT 2024"]
[Source "ChessBase"]
[SourceDate "2023.10.10"]
[SourceVersion "1"]
[SourceVersionDate "2023.10.10"]
[SourceQuality "1"]

1. e4 c5 2. Nf3 Nc6 3. d4 cxd4 4. Nxd4 e5 5. Nb5 d6 6. a4 Be6 7. N1c3 a6 8. Na3 Nf6 9. Bg5 Be7 10. Bxf6 Bxf6 11. Bc4 0-0 12. 0-0 Rc8 13. Nd5 Bg5 14. c3 Ne7 15. Qd3 Ng6 16. Bb3 Bxd5 17. Bxd5 Nf4 18. Qd1 Rc7 19. g3 Nxd5 20. Qxd5 Qe7 21. Rad1 Rd8 22. c4 Qd7 23. b3 h5 24. Nb1 h4 25. Nc3 hxg3 26. hxg3 Qh3 27. Qd3 Re7 28. Qf3 Re6 29. Rd3 Rh6 30. Qg2 Qc8 31. Nd5 g6 1/2-1/2

[Event "Florianopolis Winter op 6th"]
[Site "Florianopolis"]
[Date "2022.07.16"]
[Round "8"]
[White "Do Amaral, Gabriel Barbosa"]
[Black "Luz, Arthur Nader"]
[Result "1/2-1/2"]
[WhiteElo "1952"]
[BlackElo "2201"]
[PlyCount "165"]
[EventDate "2022.07.13"]
[EventType "swiss"]
[EventRounds "9"]
[EventCountry "BRA"]
[SourceTitle "CBM 209 Extra"]
[Source "ChessBase"]
[SourceDate "2022.09.30"]
[SourceVersion "1"]
[SourceVersionDate "2022.09.30"]
[SourceQuality "1"]

1. e4 c5 2. Nf3 g6 3. d4 cxd4 4. Nxd4 Nf6 5. Nc3 Nc6 6. Nxc6 bxc6 7. e5 Ng8 8. Bc4 Qa5 9. 0-0 Qxe5 10. Re1 Qf5 11. Ne4 e6 12. Qd4 f6 13. Bg5 Kf7 14. Re3 d5 15. Bxf6 Nxf6 16. Rf3 dxe4 17. Rxf5 gxf5 18. Qe5 Be7 19. Qxf5 Rb8 20. Qe5 Rb4 21. b3 Rd8 22. Re1 Bd6 23. Qa5 Rd7 24. Qg5 Rxc4 25. bxc4 Bb4 26. Rb1 a5 27. h4 Ba6 28. h5 Rd8 29. h6 Rg8 30. Qe3 Bxc4 31. a3 Be7 32. Rb7 Ba6 33. Rxe7+ Kxe7 34. Qa7+ Nd7 35. Qxa6 Rg6 36. Qxc6 Rxh6 37. Qxe4 Rh5 38. Qg4 Rc5 39. Qg7+ Kd6 40. Qxh7 Ne5 41. f4 Nc6 42. Qd3+ Rd5 43. Qg3 Kc5 44. Qc3+ Kd6 45. g4 Nd4 46. Qc8 Nc6 47. Qf8+ Kd7 48. c4 Rd4 49. g5 Rxc4 50. g6 Ne7 51. g7 Rc8 52. Kg2 a4 53. Kh3 Rc3+ 54. Kg4 Rc1 55. Qa8 Rg1+ 56. Kf3 Rxg7 57. Qxa4+ Nc6 58. Ke4 Rf7 59. Qb5 Rf5 60. Qb7+ Kd6 61. Qa6 Ra5 62. Qe2 Ra4+ 63. Kf3 Rxa3+ 64. Kg4 Ra4 65. Kg5 Ra5+ 66. Kg4 Rf5 67. Qd2+ Rd5 68. Qb2 Ne7 69. Qb6+ Kd7 70. Qb7+ Ke8 71. Qa7 Kf7 72. Qc7 Rf5 73. Qa7 Rd5 74. Qb7 Kf6 75. Qb2+ Kg6 76. Qb6 Kf7 77. Qb7 Rd8 78. Qc7 Re8 79. Qd7 Rh8 80. Kf3 Rh3+ 81. Kg4 Rh1 82. Qa7 Rd1 83. Qb7 1/2-1/2

[Event "Florianopolis Winter op 6th"]
[Site "Florianopolis"]
[Date "2022.07.16"]
[Round "7"]
[White "Pires, Marcos Vinicius Tor"]
[Black "Do Amaral, Gabriel Barbosa"]
[Result "1/2-1/2"]
[WhiteElo "2287"]
[BlackElo "1952"]
[PlyCount "46"]
[EventDate "2022.07.13"]
[EventType "swiss"]
[EventRounds "9"]
[EventCountry "BRA"]
[SourceTitle "CBM 209 Extra"]
[Source "ChessBase"]
[SourceDate "2022.09.30"]
[SourceVersion "1"]
[SourceVersionDate "2022.09.30"]
[SourceQuality "1"]

1. Nf3 d5 2. d4 Nf6 3. g3 e6 4. Bg2 c5 5. 0-0 Nc6 6. c4 Be7 7. cxd5 exd5 8. dxc5 Bxc5 9. a3 0-0 10. b4 Bb6 11. Nc3 Re8 12. Bg5 Be6 13. e3 d4 14. exd4 Nxd4 15. Nd2 h6 16. Bxf6 Qxf6 17. Na4 Rad8 18. Qh5 Bf5 19. Nxb6 Qxb6 20. Nc4 Qe6 21. Ne3 Be4 22. Rfe1 Bxg2 23. Nxg2 Qc6 1/2-1/2

[Event "Florianopolis Winter op 6th"]
[Site "Florianopolis"]
[Date "2022.07.13"]
[Round "2"]
[White "Do Amaral, Gabriel Barbosa"]
[Black "Gauche, Charles"]
[Result "0-1"]
[WhiteElo "1952"]
[BlackElo "2190"]
[PlyCount "76"]
[EventDate "2022.07.13"]
[EventType "swiss"]
[EventRounds "9"]
[EventCountry "BRA"]
[SourceTitle "CBM 209 Extra"]
[Source "ChessBase"]
[SourceDate "2022.09.30"]
[SourceVersion "1"]
[SourceVersionDate "2022.09.30"]
[SourceQuality "1"]

1. c4 e5 2. Nc3 Nf6 3. Nf3 Nc6 4. g3 d5 5. cxd5 Nxd5 6. Bg2 Nb6 7. 0-0 Be7 8. d3 0-0 9. Be3 f5 10. Qb3+ Kh8 11. a3 f4 12. Bd2 Bg4 13. Qd1 Qd7 14. Ne4 Bh3 15. Bc3 Bxg2 16. Kxg2 Qf5 17. Qb1 Nd4 18. Bxd4 exd4 19. Qa2 Qd7 20. Rac1 Rf5 21. g4 Rd5 22. h3 h5 23. Rh1 h4 24. b4 Rd8 25. Qd2 Rf8 26. Qc2 c6 27. Rb1 Na8 28. Qb3 Nc7 29. Rhc1 Ne6 30. a4 a6 31. Rc2 Re8 32. Rcb2 Bd8 33. Qc4 Be7 34. Qa2 Qd8 35. Qc4 Nc7 36. Qc1 Rf8 37. Qc4 Na8 38. Qa2 Nb6 0-1

[Event "Florianopolis Autumn op U2300"]
[Site "Florianopolis"]
[Date "2022.05.14"]
[Round "3"]
[White "Do Amaral, Gabriel Barbosa"]
[Black "Sarda, Pedro Sada"]
[Result "1-0"]
[WhiteElo "1959"]
[BlackElo "1656"]
[PlyCount "77"]
[EventDate "2022.05.13"]
[EventType "swiss"]
[EventRounds "6"]
[EventCountry "BRA"]
[SourceTitle "CBM 208 Extra"]
[Source "ChessBase"]
[SourceDate "2022.07.31"]
[SourceVersion "1"]
[SourceVersionDate "2022.07.31"]
[SourceQuality "1"]

1. e4 c6 2. d4 d5 3. exd5 cxd5 4. c4 Nf6 5. Nc3 e6 6. Nf3 Nc6 7. cxd5 Nxd5 8. Bd3 Be7 9. 0-0 0-0 10. a3 Bf6 11. Bc2 b6 12. Qd3 g6 13. Bh6 Re8 14. Rfe1 Bb7 15. Rad1 Rc8 16. Ba4 a6 17. Ne4 Bh8 18. h4 b5 19. Bb3 Nce7 20. h5 Nf5 21. Bg5 Qb6 22. h6 a5 23. g4 Nd6 24. Nc5 Bc6 25. Ne5 f6 26. Nxc6 Qxc6 27. Bd2 a4 28. Ba2 Nb7 29. Nxe6 Rxe6 30. Rxe6 Qxe6 31. Qf3 Rd8 32. Re1 Qf7 33. Bb4 Rd7 34. Rc1 f5 35. Rc8+ Nd8 36. Rc5 fxg4 37. Qe4 Qe6 38. Rxd5 Qxe4 39. Rxd7+ 1-0

[Event "Pan American-ch U2000"]
[Site "Timbo"]
[Date "2021.12.03"]
[Round "5"]
[White "Jenidarchiche, Douglas Rodrigo"]
[Black "Do Amaral, Gabriel Barbosa"]
[Result "0-1"]
[WhiteElo "1816"]
[BlackElo "1950"]
[PlyCount "63"]
[EventDate "2021.12.01"]
[EventType "swiss"]
[EventRounds "9"]
[EventCountry "BRA"]
[SourceTitle "CBM 205 Extra"]
[Source "ChessBase"]
[SourceDate "2022.01.31"]
[SourceVersion "1"]
[SourceVersionDate "2022.01.31"]
[SourceQuality "1"]

1. d4 d5 2. c4 e6 3. Nf3 Nf6 4. Nc3 c5 5. cxd5 exd5 6. g3 Nc6 7. Bg2 Be7 8. 0-0 0-0 9. dxc5 Bxc5 10. a3 Re8 11. b4 Bf8 12. Bg5 Be7 13. b5 Na5 14. Nd4 Be6 15. e4 Bg4 16. f3 Bh5 17. e5 Ne4 18. Bxe7 Qxe7 19. Nce2 Nc5 20. f4 Ne4 21. Qa4 Qc5 22. Rac1 Nc4 23. Bf3 Bxf3 24. Rxf3 f6 25. exf6 Nxf6 26. Kh1 Re4 27. Rd3 Rae8 28. Rc2 Ng4 29. Rdd2 Qb6 30. Rxc4 dxc4 31. Qxc4+ Kh8 32. Nf5 0-1

[Event "Pan American-ch U2000"]
[Site "Timbo"]
[Date "2021.12.02"]
[Round "3"]
[White "De Carvalho, Vitor Augusto Ponci"]
[Black "Do Amaral, Gabriel Barbosa"]
[Result "1/2-1/2"]
[WhiteElo "1862"]
[BlackElo "1950"]
[PlyCount "97"]
[EventDate "2021.12.01"]
[EventType "swiss"]
[EventRounds "9"]
[EventCountry "BRA"]
[SourceTitle "CBM 205 Extra"]
[Source "ChessBase"]
[SourceDate "2022.01.31"]
[SourceVersion "1"]
[SourceVersionDate "2022.01.31"]
[SourceQuality "1"]

1. e4 c5 2. Nf3 d6 3. d3 g6 4. g3 Bg7 5. Bg2 Nc6 6. 0-0 Nf6 7. Re1 0-0 8. Nbd2 Rb8 9. Nf1 b5 10. Bg5 h6 11. Bd2 a5 12. c3 b4 13. Ne3 Ba6 14. Qc2 Nd7 15. Nc4 Qc7 16. h4 Kh7 17. h5 Bxc4 18. dxc4 Nce5 19. hxg6+ fxg6 20. Nh4 Bf6 21. f4 Bxh4 22. gxh4 Nxc4 23. e5 dxe5 24. h5 Rb6 25. cxb4 Nxd2 26. Rad1 Ra6 27. bxa5 Qxa5 28. Qxd2 Qxd2 29. Rxd2 Rd6 30. Rxd6 exd6 31. Bh3 Rf7 32. hxg6+ Kxg6 33. Bxd7 Rxd7 34. fxe5 Re7 35. Rd1 dxe5 36. Rd5 c4 37. Rc5 Rb7 38. Rxe5 Rxb2 39. Rc5 Rb4 40. Kf2 Ra4 41. Kf3 Kf6 42. Ke3 Kg6 43. Kf3 h5 44. Kg3 Ra3+ 45. Kf4 c3 46. Rg5+ Kf6 47. Rxh5 c2 48. Rc5 Rxa2 49. Ke3 1/2-1/2

[Event "Florianopolis op 09"]
[Site "Florianopolis"]
[Date "2021.09.25"]
[Round "2"]
[White "Do Amaral, Gabriel Barbosa"]
[Black "Tavares, Weligtonn Renann"]
[Result "1-0"]
[WhiteElo "1872"]
[BlackElo "1871"]
[PlyCount "92"]
[EventDate "2021.09.24"]
[EventType "swiss"]
[EventRounds "6"]
[EventCountry "BRA"]
[SourceTitle "EXT 2023"]
[Source "ChessBase"]
[SourceDate "2022.10.05"]
[SourceVersion "1"]
[SourceVersionDate "2022.10.05"]
[SourceQuality "1"]

1. d4 d5 2. c4 c6 3. Nc3 Nf6 4. cxd5 cxd5 5. f3 Nc6 6. e4 dxe4 7. d5 Ne5 8. fxe4 e6 9. Nf3 Bd6 10. Bb5+ Bd7 11. dxe6 Bxb5 12. exf7+ Nxf7 13. Nxb5 Qa5+ 14. Nc3 0-0 15. 0-0 Rad8 16. Qc2 Qc7 17. Kh1 Rfe8 18. Bg5 Be7 19. Qb3 Qb6 20. Qxb6 axb6 21. Bf4 Bc5 22. Rfe1 Ng4 23. Bg3 Ne3 24. Re2 Nd6 25. Bxd6 Rxd6 26. b4 Rd3 27. bxc5 Rxc3 28. cxb6 Nc4 29. e5 Nxb6 30. Rb1 Rc6 31. Reb2 Nc4 32. Rxb7 Nxe5 33. Rb8 Nxf3 34. Rxe8+ Kf7 35. Re2 Nd4 36. Rf1+ Kg6 37. Re4 Nf5 38. a4 Kh6 39. Re5 g6 40. Kg1 Nd4 41. Re4 Nb3 42. Rb4 Nd2 43. Ra1 Nc4 44. Rc1 Ne5 45. Rxc6 Nxc6 46. Rb6 Na5 1-0

[Event "Florianopolis op 6th"]
[Site "Florianopolis"]
[Date "2020.01.20"]
[Round "1"]
[White "Bueno, Alfeu Varela Jr"]
[Black "Do Amaral, Gabriel Barbosa"]
[Result "1-0"]
[WhiteElo "2139"]
[BlackElo "1861"]
[PlyCount "73"]
[EventDate "2020.01.20"]
[EventType "swiss"]
[EventRounds "10"]
[EventCountry "BRA"]
[SourceTitle "CBM 194 Extra"]
[Source "ChessBase"]
[SourceDate "2020.03.31"]
[SourceVersion "1"]
[SourceVersionDate "2020.03.31"]
[SourceQuality "1"]

1. e4 c6 2. d4 d5 3. f3 e6 4. Nc3 Nf6 5. Bf4 Bb4 6. Qd3 b6 7. Nge2 Ba6 8. Qe3 dxe4 9. fxe4 Nbd7 10. 0-0-0 0-0 11. Bg5 Qc7 12. g4 e5 13. Bxf6 Nxf6 14. g5 exd4 15. Nxd4 Ng4 16. Qf3 Bxf1 17. Rdxf1 Ne5 18. Qg3 Rad8 19. Rd1 Bxc3 20. Qxc3 Qe7 21. h4 c5 22. Nf5 Qc7 23. Rd5 f6 24. gxf6 Rxd5 25. Ne7+ Kf7 26. Nxd5 Qd6 27. fxg7 Qh6+ 28. Kb1 Qxg7 29. Ne3 Nf3 30. Qc4+ Ke7 31. Rd1 Qe5 32. a4 Nd4 33. Nd5+ Ke8 34. Ka2 Rf2 35. c3 Nc6 36. Qb5 Kd8 37. Qxc6 1-0